Industrial Organization (Record no. 2800)
[ view plain ]
| 000 -LEADER | |
|---|---|
| fixed length control field | 01310cam a22001934a 4500 |
| 005 - ΗΜΕΡΟΜΗΝΙΑ ΚΑΙ ΩΡΑ ΤΕΛΕΥΤΑΙΑΣ ΕΝΗΜΕΡΩΣΗΣ | |
| Πεδίο ελέγχου | 20250605164054.0 |
| 008 - FIXED-LENGTH DATA ELEMENTS--GENERAL INFORMATION | |
| Πεδίο ελέγχου σταθερού μήκους | 250528s ||||||||||||||||||||||||d |
| 035 ## - SYSTEM CONTROL NUMBER | |
| System control number | 17377 |
| 020 ## - ISBN | |
| ISBN | 134624580 |
| 040 ## - ΠΗΓΗ ΚΑΤΑΛΟΓΟΓΡΑΦΗΣΗΣ | |
| Φορέας πρωτότυπης καταλογογράφησης | MC Athens Campus Library |
| Γλώσσα καταλογογράφησης | Ελληνικά, Μοντέρνα (1453-) |
| Modifying agency | MC Athens Campus Library |
| Κανόνες περιγραφικής καταλογογράφησης | AACR2 |
| 245 1# - ΤΙΤΛΟΣ ΚΑΙ ΔΗΛΩΣΗ ΥΠΕΥΘΥΝΟΤΗΤΑΣ | |
| Τίτλος | Industrial Organization |
| 260 ## - PUBLICATION, DISTRIBUTION, ETC. | |
| Name of publisher, distributor, etc. | Prentice Hall, |
| Date of publication, distribution, etc. | 1989 |
| 300 ## - PHYSICAL DESCRIPTION | |
| Extent | 386 |
| 520 ## - SUMMARY, ETC. | |
| Summary, etc. | This text will guide the student to understanding why ''real world'' markets are organized as they are and why they behave as they do. Preface, An Introduction to Industrial Organization, The Market, The Firm, Industrial Organization, Market Structure, Economies of Scale and Barriers to Entry, Market Concentration, Product Differentiation, Market Structure and Performance, Market Strategy, Oligopoly Pricing: The Theory, Oligopoly Pricing: Mechanisms of Cooperation, Pricing Independence in Monopoly and Oligopoly, Competition in Selling Efforts: Advertising and Related Market Behavior, Competition in Product Efforts: Innovation and Related Market Behavior, The Managerial Firm: Organization and Strategy, The Dynamics of Structure and Strategy, Antitrust Policy, Maintaining Competition: The Sherman Act, Protecting Competition: The Clayton Act, Index. |
| 700 1# - ΠΡΟΣΘΕΤΗ ΑΝΑΓΡΑΦΗ--ΦΥΣΙΚΟ ΠΡΟΣΩΠΟ | |
| Personal name | Burgess H. Giles Jr |
| 9 (RLIN) | 3534 |
| 942 ## - ADDED ENTRY ELEMENTS (KOHA) | |
| Koha item type | Books |
| Τύπος τεκμηρίου | Βιβλιοθήκη | Τρέχουσα τοποθεσία | Barcode | Αριθμός εισαγωγής | Ημερομηνία απόκτησης | Ταξιθετικό σύμβολο | Αριθμός αντιτύπου | Κατάσταση απόσυρσης | Κατάσταση χαμένου | Κατάσταση κατεστραμμένου | Μη δανεισμός | Σύνολο δανεισμών | Ημερομηνία τελευταίας εμφάνισης | Η τιμή ισχύει από |
|---|---|---|---|---|---|---|---|---|---|---|---|---|---|---|
| Books | MC Athens Campus Library | MC Athens Campus Library | 9780000027993 | 1068 | 05/06/2025 | 338.6 BUR | 1 | 05/06/2025 | 05/06/2025 |